000 00746nam a2200241 i 4500
001 9951
003 ES-MaACL
005 20230906145806.0
007 t|
008 940531s1993 sp ||||1| spa d
020 _a84-252-1509-9
080 _a72"1930/1992"
100 1 _aMontaner, Josep Maria.
_982373
245 1 0 _aDespués del movimiento moderno
_b: arquitectura de la segunda mitad del siglo XX /
_cJosep Maria Montaner.
260 _aBarcelona :
_bGustavo Gili,
_cD.L. 1993.
300 _a271 p. :
_bfot. ;
_c24 cm.
490 1 _aArquitectura conTextos
500 _aIndice.
650 1 4 _aArquitectura-
_yS.XX.
_910007
830 0 _aArquitectura conTextos
_9186922
852 _aES-MaACL
_jL-17401
_bR.122620
999 _c9951
_d9951